00452 a2200133 4500003000400000005001700004008004100021020001800062040000900080082002100089245012800110260006600238300001400304OSt20250610134839.0250528b |||||||| |||| 00| 0 eng d a9783030145323 coclc a332.10285bARS/F aThe Future of Finance:b The Impact of FinTech, AI, and Crypto on Financial Services /cHenri Arslanian and Fabrice Fischer aCham, Switzerland:bSpringer International Publishing,c2019. a312 pages